| 000 | 00521nam a2200193Ia 4500 | ||
|---|---|---|---|
| 999 |
_c3019 _d3019 |
||
| 003 | OSt | ||
| 005 | 20200820132351.0 | ||
| 008 | 190216s9999||||xx |||||||||||||| ||und|| | ||
| 020 | _a8187224622 | ||
| 040 | _coclc | ||
| 082 |
_a541.39 _bRAJ/C |
||
| 100 |
_aRaj, Gurdeep _94139 |
||
| 245 | 0 |
_aChemical Kinetics / _cGurdeep Raj |
|
| 250 | _a7th Ed. | ||
| 260 |
_bGoel Publishing House, _c2002. _aMeerut: |
||
| 300 | _a336p | ||
| 650 | _aChemistry | ||
| 942 |
_cBK _2ddc _h541.39 _iRAJ/C _k541.39 _mRAJ/C |
||